Prehrávky folklórnych súborov

Bibliographic Details
Main Authors: V.K (Author), Kyseľ, Vladimír, 1950- (Author)
Format: Article
Language:Slovak
PhysicalDescription:Obr. 3.
Subjects:

MARC

LEADER 00000nab a2200000 a 4500
001 vtls000046861
003 SK-MaSNL
005 20260305001247.0
008 111103c1979 xo 0 slo
015 |a SNBRB19rr/mm-uuuuu 
035 |a CL0056957 
040 |a SNKBUCL  |b slo  |c SNKBUCL  |e AACR2 
041 0 |a slo 
044 |a xo  |c SK 
080 |a 793.3  |2 1981 
080 |a 78  |2 1981 
100 1 |a V.K.  |4 aut  |9 859573 
245 1 0 |a Prehrávky folklórnych súborov  |c V.K. ; Vlado Kysel 
300 |b Obr. 3. 
650 0 7 |a folklórne súbory  |2 snkbucl  |9 28685 
655 7 |a články z novín a časopisov  |2 snkbucl  |9 267496 
700 1 |a Kyseľ, Vladimír,  |d 1950-  |4 aut  |9 7034 
773 0 |t Rytmus  |g Roč. 30, č. 11 (1979), s. 10-11 
850 |a Slovenská národná knižnica v Martine  |a MTA001 
852 |a SNK  |b KIS3GCP 
958 |a RK 
992 |a RBX 
999 |c 3218261  |d 3220191